| 000 | 00971cad a22002415a 4500 | ||
|---|---|---|---|
| 001 | E151965 | ||
| 008 | 110117s2010 xxk f s000 0 eng d | ||
| 020 | _a9780755998883 | ||
| 035 | _a(Sirsi) u151965 | ||
| 041 | 0 | _aeng | |
| 110 | 2 |
_aScotland _bScottish Government _95344 |
|
| 245 | 0 | 0 |
_aDelivering better places in Scotland _ba guide to learning from broader experience _h[electronic resource] |
| 260 |
_aEdinburgh _bScottish Government _c2010 |
||
| 520 | _aLooks at eight case studies which illustrate good practice in creating sustainable, well-designed places. | ||
| 590 | _aKA | ||
| 651 | 4 |
_aScotland _y1999- |
|
| 690 |
_aPlanning and development _96259 |
||
| 710 | 1 |
_aArchitecture and Design Scotland _95714 |
|
| 710 | 1 |
_aUniversity of Glasgow _93617 |
|
| 710 | 1 |
_aRoyal Institution of Chartered Surveyors _bScotland _93082 |
|
| 856 | 4 | 0 |
_uhttps://www.scotland.gov.uk/Publications/2010/12/31110906/0 _zView the guide free of charge at www.rics.org |
| 942 | _n0 | ||
| 999 |
_c111764 _d111764 |
||